Governors of Puerto Rico - Statistics

General Stats
  • This quiz has been taken 28 times
  • The average score is 5 of 14
Answer Stats
Hint Answer % Correct
2005-2009 Aníbal Acevedo Vilá
70%
2013-2017 Alejandro García Padilla
65%
2001-2005 Sila María Calderón
60%
2021- Pedro Pierluisi
55%
1973-1977 Rafael Hernández Colón
50%
1985-1993 Rafael Hernández Colón
50%
1965-1969 Roberto Sánchez Vilella
45%
1969-1973 Luis A. Ferré
40%
1977-1985 Carlos Romero Barceló
35%
1949-1965 Luis Muñoz Martin
10%
1993-2001 Pedro Rosselló González
10%
2017-2019 Ricardo Rosselló Nevares
10%
2019-2021 Wanda Vásquez Garced
5%
2009-2013 Luis Fortuño Burset
0%
No matching quizzes found
Score Distribution
Percent of People with Each Score
Percentile by Number Answered
Your Score History
You have not taken this quiz